| 000 | 00438 a2200169 4500 | ||
|---|---|---|---|
| 020 | _a9781405136662 | ||
| 022 | _a9781405136662 | ||
| 082 | _a519.3 | ||
| 090 |
_c6295 _d6295 |
||
| 100 | _aRasmusen,Eric. | ||
| 245 |
_aGames and Information. _bAn Introduction to Game Theory . _cEric Rasmusen. |
||
| 250 | _a4th. | ||
| 260 |
_aAustralia. _bBlackwell. _c2007. |
||
| 300 | _a528p. | ||
| 500 | _aHard cover. | ||
| 942 |
_aNBS _cBK _k519.3 RAS |
||
| 999 |
_c348664 _d348664 |
||